| 000 | 00959nam a22002657a 4500 | ||
|---|---|---|---|
| 005 | 20080626104633.0 | ||
| 008 | 080618t xxu||||| |||| 00| 0 eng d | ||
| 010 | _aENG-90862 | ||
| 020 |
_c300.00 _a9788190659246 |
||
| 035 | _aEN-74395 | ||
| 037 | _bDBAD / PUB | ||
| 040 |
_aDPL _bEnglish |
||
| 082 | _a363.34 | ||
| 100 | _aGovind Prasad Singh | ||
| 245 |
_aDisaster management / _cby Govind Prasad Singh |
||
| 260 |
_aDelhi _bSadhana & Sans _c2008 |
||
| 260 |
_a _b |
||
| 270 |
_aL-20/13, Gali No. 5, II Floor, Shivaji Margt, Kartar Nagar _bDelhi _e110053 |
||
| 300 |
_aviii, 208p. _c23 cm (Hb) |
||
| 500 | _aIncludes bibliographical references and index | ||
| 650 |
_aEmergency management _zIndia |
||
| 650 | _aDisaster relief | ||
| 942 |
_cEN _h363.34 _2ddc _mGOV |
||
| 999 |
_c15276 _d15276 |
||